000 00442nam a2200181Ia 4500
001 19904
005 20260306172727.0
008 260306t2010||||xx |||||||||||||| ||spa||
041 _aESP
082 _a341.4
_bM26
100 _aMartínez Zorrilla, David
_eAUT
245 0 _aMetodología jurídica y argumentación
260 _c2010
300 _a292 páginas :
_c23 cm.
650 _aGEN
654 _aCDE
942 _cLIB
_dJUS
_fJUS
_2ddc
_n
999 _c19904
_d19904